Evaluer les politiques éducatives (Record no. 16522)
[ view plain ]
| 000 -LEADER | |
|---|---|
| fixed length control field | 00585nam a2200205 4500 |
| 008 - FIXED-LENGTH DATA ELEMENTS--GENERAL INFORMATION | |
| fixed length control field | b xx# fre u |
| 020 ## - INTERNATIONAL STANDARD BOOK NUMBER | |
| International Standard Book Number | 2804135284 |
| 020 ## - INTERNATIONAL STANDARD BOOK NUMBER | |
| International Standard Book Number | 9782804135287 |
| 040 ## - CATALOGING SOURCE | |
| Original cataloging agency | LB-BrCRDP |
| 082 ## - DEWEY DECIMAL CLASSIFICATION NUMBER | |
| Classification number | 375.006/DEM |
| 100 1# - MAIN ENTRY--PERSONAL NAME | |
| Personal name | Demailly,Lise |
| 130 0# - MAIN ENTRY--UNIFORM TITLE | |
| Language of a work | FR |
| 245 10 - TITLE STATEMENT | |
| Title | Evaluer les politiques éducatives |
| Remainder of title | Sens,enjeux,pratiques |
| Statement of responsibility, etc. | Lise Demailly |
| 260 ## - PUBLICATION, DISTRIBUTION, ETC. | |
| Place of publication, distribution, etc. | Belgique |
| Name of publisher, distributor, etc. | De Boeck université |
| Date of publication, distribution, etc. | 2001 |
| 300 ## - PHYSICAL DESCRIPTION | |
| Extent | 234p.; |
| Dimensions | 24cm |
| 490 0# - SERIES STATEMENT | |
| Series statement | Perspectives en éducation et formation |
| 650 ## - SUBJECT ADDED ENTRY--TOPICAL TERM | |
| Topical term or geographic name entry element | Evaluation |
| 942 ## - ADDED ENTRY ELEMENTS (KOHA) | |
| Koha item type | Books |
| Withdrawn status | Lost status | Source of classification or shelving scheme | Damaged status | Not for loan | Home library | Current library | Shelving location | Date acquired | Total Checkouts | Full call number | Date last seen | Price effective from | Koha item type |
|---|---|---|---|---|---|---|---|---|---|---|---|---|---|
| Dewey Decimal Classification | مكتب الاعداد والتدريب - الدكوانه | مكتب الاعداد والتدريب - الدكوانه | Standard Shelving Location | 07/28/2016 | 375.006 DEM | 07/28/2016 | 07/28/2016 | Books |